00646 a2200181 4500003000500000005001700005010001600022020001500038040000900053082001600062100002000078245009800098250001200196260003700208300003400245505016200279650002300441Nust20221122095209.0 a 92213130 a0333577205 cNust00a621.381,WIL1 aWilliams, B. W.10aPower electronics :bdevices, drivers, applications, and passive components /cB.W. Williams. a2nd ed. aNew York :bMcGraw-Hill,cc1992. axvi, 542 p. :bill. ;c24 cm. aPart.1: Devices (Page-1), Part.2: Drivers (Page-123), Load Considerations (Page-125),Part.3: Applications (Page-251), Part.4: Passive Components (Page-403).  0aPower electronics.